UFC : Top 10 hommes poids mi-moyens - Statistiques

Statistiques générales
  • Ce quiz a été pris 176 fois
  • Le résultat moyen est 8 sur 10
Statistiques - réponses
Classement Pays Âge Combattants % Correct
Champion Russie 34 Islam Makhachev
94%
8 Nigéria 38 Kamaru Usman
91%
2 Palestine 37 Belal Muhammad
85%
6 Irlande 28 Ian Garry
85%
4 Kazakhstan 31 Shavkat Rakhmonov
79%
5 Brésil 32 Carlos Prates
78%
1 Etats-Unis 28 Jack Della Maddalena
76%
9 Royaume-Uni 34 Leon Edwards
75%
3 Equateur 26 Michael Morales
73%
7 Etats-Unis 33 Sean Brady
59%
Aucun quiz correspondant
Distribution des résultats
% des personnes avec chaque résultat
Percentile par nombre de réponses
Votre historique - résultats
Vous n’avez pas pris ce quiz